00501nam a22001697a 450000500170000001000140001702000230003103500130005403700130006708200110008010000230009124500840011426000550019827000430025330000170029670000180031320100723134227.0 aENG-96779 a8187710470c400.00 aEN-80312 bDBAD/PUB a410.29 aArya, Ravi Prakash aVedic theory of the origin of speech /cby Ravi Prakash Arya [and] Joseph Skulj aHaryanabIndian Foundation for vedic sciencec2008 a1051, sector-1, Rohtak, Haryana, India a179 pc21 cm aSkulj, Joseph